Export competitiveness of the European Union in fruit and vegetable products in the global markets

Konkurencieschopnosť exportu ovocia a zeleniny Európskej únie na globálnych trhoch a jej dlhodobé trvanie. Dôležitosť riadenia obchodných reťazcov.

Enregistré dans:
Détails bibliographiques
Auteur principal: Bojnec, Štefan
Autres auteurs: Fertő, Imre
Format: Chapitre de livre
Langue:anglais
Sujets:
Tags: Ajouter un tag
Pas de tags, Soyez le premier à ajouter un tag!

MARC

LEADER 00000naa a2200000 4500
001 0221617
005 20221104110245.8
041 0 |a eng 
044 |a CZ 
245 1 0 |a Export competitiveness of the European Union in fruit and vegetable products in the global markets  |c Štefan Bojnec, Imre Fertő 
520 |a Konkurencieschopnosť exportu ovocia a zeleniny Európskej únie na globálnych trhoch a jej dlhodobé trvanie. Dôležitosť riadenia obchodných reťazcov. 
610 2 0 |a ovocie 
610 2 0 |a zelenina 
610 2 0 |a Európska únia 
610 2 0 |a bilancia obchodná 
610 2 0 |a konkurencieschopnosť 
610 2 0 |a trh svetový 
100 1 |a Bojnec, Štefan 
700 1 |a Fertő, Imre